| 000 | 00431nam a22001577a 4500 | ||
|---|---|---|---|
| 003 | OSt | ||
| 005 | 20260127124237.0 | ||
| 008 | 260127b |||||||| |||| 00| 0 eng d | ||
| 040 | _cMRSPTU | ||
| 041 | _aENG | ||
| 100 | _aUpasna Garg | ||
| 245 | _aVIDEO WATERMARKING ALGORITHM USING K-HARRIS FEATURE POINT DETECTION | ||
| 260 |
_b Department of CSE, MRSPTU, Bathinda _c2022 |
||
| 650 | _aComputer Science | ||
| 942 |
_2ddc _cTH _n0 |
||
| 999 |
_c10753 _d10753 |
||